000 00460nam a2200193Ia 4500
005 20250603145307.0
008 250603s9999 xx 000 0 und d
020 _a9789353062408
050 _aTJ 230 .N67/
100 _aNorton, L. Robert
245 0 _aMachine design : an integrated approach
250 _a5th ed.
260 _aIndia
260 _bpearson india education
260 _c2018
300 _a1059 p
650 _aIndia
942 _cBK
999 _c41437
_d41437